Mestská logistika je plná obmedzení

Zložité zásobovanie veľkých miest. Zásobovanie peších zón. Vypracovanie dôkladnej stratégie zásobovania. Zásobovanie najmä dodávkami. Skúsenosti spoločností, ktoré zásobovanie zabezpečujú.

Enregistré dans:
Détails bibliographiques
Auteur principal: Brezovský, Jozef
Format: Chapitre de livre
Langue:slovaque
Sujets:
Tags: Ajouter un tag
Pas de tags, Soyez le premier à ajouter un tag!

MARC

LEADER 00000naa a2200000 4500
001 0150139
005 20231011073226.9
041 0 |a slo 
044 |a CZ 
245 1 0 |a Mestská logistika je plná obmedzení  |c Jozef Brezovský 
520 |a Zložité zásobovanie veľkých miest. Zásobovanie peších zón. Vypracovanie dôkladnej stratégie zásobovania. Zásobovanie najmä dodávkami. Skúsenosti spoločností, ktoré zásobovanie zabezpečujú. 
610 2 0 |a zásobovanie 
610 2 0 |a preprava 
610 2 0 |a tovar 
610 2 0 |a mestá 
100 1 |a Brezovský, Jozef